00417nam a22001457a 4500008004100000020001500041050001000056082001500066100001900081245012200100260001300222300000900235942001200244999001500256230619b xxu||||| |||| 00| 0 eng d a9211301742 bVol 1 a305.42bUN cUnited Nations aThe Work of CEDAWbReports of the committee on the elimination of discrimination against women (CEDAW)cVolume 3 1988 bUNc1988 a193p 2ddccBK c1387d1387